A military history of Scotland / (Record no. 14233)
[ view plain ]
| 000 -LEADER | |
|---|---|
| fixed length control field | 01137cam a2200349Ma 4500 |
| 001 - CONTROL NUMBER | |
| control field | 10123295 |
| 005 - DATE AND TIME OF LATEST TRANSACTION | |
| control field | 20170105102850.0 |
| 008 - FIXED-LENGTH DATA ELEMENTS--GENERAL INFORMATION | |
| fixed length control field | 120810s2012 stkab b 001 0 eng d |
| 020 ## - INTERNATIONAL STANDARD BOOK NUMBER | |
| International Standard Book Number | 9780748633357 (hbk.) |
| 020 ## - INTERNATIONAL STANDARD BOOK NUMBER | |
| International Standard Book Number | 0748633359 (hbk.) |
| 024 ## - OTHER STANDARD IDENTIFIER | |
| Standard number or code | 99951653182 |
| 035 ## - SYSTEM CONTROL NUMBER | |
| System control number | (OCoLC)ocn808800700 |
| 035 ## - SYSTEM CONTROL NUMBER | |
| System control number | (OCoLC)808800700 |
| 035 ## - SYSTEM CONTROL NUMBER | |
| System control number | (NNC)10123295 |
| 040 ## - CATALOGING SOURCE | |
| Original cataloging agency | NLE |
| Transcribing agency | NLE |
| Modifying agency | OCLCO |
| -- | FXR |
| -- | NhCcYBP |
| 043 ## - GEOGRAPHIC AREA CODE | |
| Geographic area code | e-uk-st |
| 050 #4 - LIBRARY OF CONGRESS CALL NUMBER | |
| Classification number | DA767 |
| Item number | .M55 2012 |
| 082 04 - DEWEY DECIMAL CLASSIFICATION NUMBER | |
| Classification number | 355.009411 |
| Edition number | 23 |
| 245 02 - TITLE STATEMENT | |
| Title | A military history of Scotland / |
| Statement of responsibility, etc. | edited by Edward M. Spiers, Jeremy A. Crang and Matthew J. Strickland. |
| 260 ## - PUBLICATION, DISTRIBUTION, ETC. | |
| Place of publication, distribution, etc. | Edinburgh : |
| Name of publisher, distributor, etc. | Edinburgh University Press, |
| Date of publication, distribution, etc. | c2012. |
| 300 ## - PHYSICAL DESCRIPTION | |
| Extent | xxii, 890 p., [16] p. of plates : |
| Other physical details | ill. (some col.), maps ; |
| Dimensions | 25 cm. |
| 504 ## - BIBLIOGRAPHY, ETC. NOTE | |
| Bibliography, etc. note | Includes bibliographical references and index. |
| 650 #0 - SUBJECT ADDED ENTRY--TOPICAL TERM | |
| Topical term or geographic name entry element | Soldiers |
| Geographic subdivision | Scotland. |
| 650 #0 - SUBJECT ADDED ENTRY--TOPICAL TERM | |
| Topical term or geographic name entry element | Scots |
| Geographic subdivision | Foreign countries. |
| 651 #0 - SUBJECT ADDED ENTRY--GEOGRAPHIC NAME | |
| Geographic name | Scotland |
| General subdivision | History, Military. |
| 700 1# - ADDED ENTRY--PERSONAL NAME | |
| Personal name | Spiers, Edward M. |
| 700 1# - ADDED ENTRY--PERSONAL NAME | |
| Personal name | Crang, Jeremy A. |
| 700 1# - ADDED ENTRY--PERSONAL NAME | |
| Personal name | Strickland, Matthew, |
| Dates associated with a name | 1962- |
| 942 ## - ADDED ENTRY ELEMENTS (KOHA) | |
| Source of classification or shelving scheme | |
| Koha item type | Book |
| 948 1# - LOCAL PROCESSING INFORMATION (OCLC); SERIES PART DESIGNATOR (RLIN) | |
| Series part designator, SPT (RLIN) | 20130130 |
| b (OCLC) | c |
| c (OCLC) | hew2 |
| d (OCLC) | MPS |
| Withdrawn status | Lost status | Damaged status | Not for loan | Collection code | Permanent Location | Current Location | Shelving location | Date acquired | Total Checkouts | Full call number | Barcode | Date last seen | Price effective from | Koha item type |
|---|---|---|---|---|---|---|---|---|---|---|---|---|---|---|
| Centre for International Peace & Stability (CIPS) | Centre for International Peace & Stability (CIPS) | General Stacks | 08/13/2013 | 355.009411 MIL 2012 | CIPS00004444 | 08/21/2013 | 08/21/2013 | Book |
